| 000 | 00683nam a2200217 a 4500 | ||
|---|---|---|---|
| 003 | OSt | ||
| 005 | 20160125105059.0 | ||
| 008 | 020226s1972 esp 000 1 spa d | ||
| 040 | _cBMC | ||
| 082 | _a891.7 | ||
| 100 | 1 |
_aDostoevskiï, Fiodor Mijaïlovich _9133 _d1821-1881 |
|
| 245 | 1 | 3 |
_aEl idiota _nIV _cFedor Dostoyevski ; [traducción, José Laín Entralgo, Augusto Vidal] |
| 260 |
_aBarcelona _bCírculo de lectores _c1972 |
||
| 300 |
_a640 p. _c20 cm |
||
| 490 | _aClásicos de la literatura universal | ||
| 546 | _aTraducción de: Idiot | ||
| 650 | 2 | 4 |
_929314 _aNovela rusa |
| 700 | 1 |
_926028 _aLaín Entralgo, José |
|
| 700 | 1 |
_929345 _aVidal, Augusto |
|
| 942 |
_2ddc _cBK |
||
| 999 |
_c24371 _d24371 |
||